000 00820nam a2200253 i 4500
003 DO-SdBNP
005 20260526112814.0
006 a||||gr|||| 00| 0
007 ta
008 221019n200? dr ao||frc||| 001 0 spa d
040 _aDO-SdBNP
_bspa
_cBNPHU
_erda
082 4 _222
_bU58i
245 0 0 _a[catálogo] Universidad Iberoamericana (UNIBE).
264 _aSanto Domingo :
_bUNIBE,
_c[200?]
300 _a28 p. :
_bilustraciones, fotografía.
_c21 cm.
336 _2rdacontent
_atexto
_btxt
337 _2rdamedia
_asin mediación
_bn
338 _2rdacarrier
_avolumen
_bnc
590 _aInventariado 2024 / MF
650 4 _979858
_aEducación Superior
_zRepública Dominicana
650 0 _aEducación de adultos
_zRepública Dominicana
_91479
650 4 _9737
_aEducación
_zRepública Dominicana
942 _2ddc
_cLF2
999 _c52579
_d52579